000 00523nam a2200169 i 4500
001 83278
003 ES-MaACL
005 20230906174814.0
007 t|
008 041116s1978 sp ||||1| spa d
245 0 3 _aLa Internacional Comunista y la escuela /
_cEdwin Hoernle... [et al.] ; [traducción, Marieta Cargatagli].
260 _a[Barcelona] :
_bIcaria,
_c[1978]
300 _a188 p. ;
_c20 cm.
700 1 _aHoernle, Edwin.
_963927
700 1 _aCargatagli, Marieta.
_935237
852 _aES-MaACL
_jA-8694
_bR.98017
999 _c83278
_d83278